00786nam a2200205 a 450000500170000000800410001702000180005805000220007610000180009824500760011626000640019230000230025652000830027965000220036265000210038465000230040565000210042899900190044995201120046820140412111310.0010309s19uu xx 00 eng d a0-15-200471-8 aTR(PS EbIw1 1989 aWilliams, Sue aI went walking /cwritten by Sue Williams ; illustrated by Julie Vivas. aSan Diego :bVoyager Books/Harcourt Brace & Company,c1990. a1 v. (unp.) ; ill. aDuring the course of walk, a young boy identifies animals of different colors. aWalking - Fiction aColor -- Fiction aAnimals -- Fiction aStories in rhyme c103946d103946 001040aELbELcTRd2001-03-09eLib. Fundl0oTR(PS E Iw1 1989pE6145r2014-04-12 00:00:00w2014-04-12yBK